Normal view
MARC view
Entry Personal Name
001 - CONTROL NUMBER
- control field: 24652
003 - CONTROL NUMBER IDENTIFIER
- control field: ARRUPE
005 - DATE AND TIME OF LATEST TRANSACTION
- control field: 20160804115651.0
008 - FIXED-LENGTH DATA ELEMENTS
- fixed length control field: 160804|| aca||aabn | a|a d
040 ## - CATALOGING SOURCE
- Original cataloging agency: ARRUPE
- Transcribing agency: ARRUPE
100 ## - HEADING--PERSONAL NAME
- Personal name: Laver, Susan M.L.
670 ## - SOURCE DATA FOUND
- Source citation: Work cat.: (ARRUPE): Laver, Susan M.L., An approach to developing a community-based HIV/AIDS intervention, 1996